000 00621nam a22002177a 4500
003 OSt
005 20210419074254.0
008 210203s1954 ||||| |||| 00| 0 eng d
040 _aeng
_beng
_cDLC
041 _aeng
_hfre
080 _a821.111
_bS-61
100 _9518
_aSimenon, Georges
245 _aMaigret and the Calame Report
_c/ by: Curtis Books
260 _aNew York
_bCurtis Books
_c1954
300 _a208 p.
365 _b0.95 usd
650 0 _9247
_aEnglish literature
653 _aინგლისური ლიტერატურა
700 _91251
_aBudberg, Moura
_eTranslator
942 _2udc
_cBK
999 _c1923
_d1923